| 000 | 01736nam a22004937a 4500 | ||
|---|---|---|---|
| 001 | 4816322 | ||
| 003 | LIBRIS | ||
| 005 | 20210422054300.0 | ||
| 008 | 011211s2000 xxu 001 0 eng c | ||
| 020 | _a032300749X ; | ||
| 040 |
_aVabi _beng _cDLC |
||
| 041 | _aeng | ||
| 080 |
_a614 _bS-81 |
||
| 082 |
_a610.7343 _221 |
||
| 084 |
_aVph _2kssb/7 |
||
| 084 |
_aVpg _2kssb/7 |
||
| 084 |
_aVph _2kssb/6 |
||
| 084 |
_aVpg _2kssb/6 |
||
| 245 | 0 | 0 |
_aCommunity & public health nursing / _c[edited by] Marcia Stanhope, Jeanette Lancaster _b/ by: Mosby |
| 250 | _a5th edition | ||
| 260 |
_aSt. Louis, Mo. : _bMosby, _ccop. 2000 |
||
| 300 |
_axviii, 988 p. Appendixes 192 p. Answers to Clinical Applications 12 p. Glossary 32 p. Index 18 p. _bill. |
||
| 500 | _aRev. ed. of: Community health nursing, 4. ed., cop. 1996 | ||
| 504 | _aIncludes bibliographical references and index | ||
| 650 | 2 | _aCommunity health nursing | |
| 650 | 0 |
_aPublic Health _9337 |
|
| 650 | 2 | _aPublic Health Nursing | |
| 650 | 7 |
_aCommunity health nursing _2BNB |
|
| 653 | _aსაზოგადოებრივი ჯანდაცვა | ||
| 700 | 1 |
_aStanhope, Marcia _4oth _0255862 |
|
| 700 | 1 |
_aLancaster, Jeanette _4oth _0255861 |
|
| 740 | 0 | _aCommunity and public health nursing | |
| 740 | 0 | _aCommunity health nursing | |
| 775 | 1 |
_z0-8016-4760-6 _w0801647606 |
|
| 942 |
_2udc _cBK _e5 |
||
| 999 |
_c789 _d789 |
||